非边界县级行政区-北京 Non-border counties in Beijing - Statistics

General Stats
  • This quiz has been taken 28 times
  • The average score is 5 of 6
Answers on the Map
Answers color-coded by a green-red scale on the quiz's map according to % correct below.
 
Answer Stats
县级行政区 % Correct
东城区
100%
西城区
100%
朝阳区
88%
海淀区
88%
石景山区
84%
丰台区
76%
No matching quizzes found
Score Distribution
Percent of People with Each Score
Percentile by Number Answered
Your Score History
You have not taken this quiz